The clay deposits of Kentucky. (Record no. 26196)
[ view plain ]
| 000 -LEADER | |
|---|---|
| fixed length control field | 01020cam a22002411 4500 |
| 001 - CONTROL NUMBER | |
| control field | gs 22000404 |
| 003 - CONTROL NUMBER IDENTIFIER | |
| control field | DLC |
| 005 - DATE AND TIME OF LATEST TRANSACTION | |
| control field | 20260227111327.0 |
| 008 - FIXED-LENGTH DATA ELEMENTS--GENERAL INFORMATION | |
| fixed length control field | 800315s1922 kyuab b s000 0 eng c |
| 010 ## - LIBRARY OF CONGRESS CONTROL NUMBER | |
| LC control number | gs 22000404 |
| 035 ## - SYSTEM CONTROL NUMBER | |
| System control number | (OCoLC)6084942 |
| 040 ## - CATALOGING SOURCE | |
| Original cataloging agency | Library, U.S. Geological Survey |
| Transcribing agency | NAlfC |
| Modifying agency | OCoLC |
| -- | NSbSU |
| -- | DLC |
| 042 ## - AUTHENTICATION CODE | |
| Authentication code | premarc |
| 050 00 - LIBRARY OF CONGRESS CALL NUMBER | |
| Classification number | TN942 |
| Item number | .R383 |
| 100 1# - MAIN ENTRY--PERSONAL NAME | |
| Personal name | Ries, Heinrich, |
| Dates associated with a name | 1871-1951. |
| 245 14 - TITLE STATEMENT | |
| Title | The clay deposits of Kentucky. |
| Remainder of title | An economic consideration of the pottery, brick, and tile clays, fire clays, and shales of Kentucky, with notes on their industrial development, |
| Statement of responsibility, etc. | by Heinrich Ries ... Illustrated with sixty-three photographs, maps, and diagrams. |
| 250 ## - EDITION STATEMENT | |
| Edition statement | 1st ed., |
| -- | 500 copies. |
| 260 ## - PUBLICATION, DISTRIBUTION, ETC. | |
| Place of publication, distribution, etc. | Frankfort, Ky., |
| Name of publisher, distributor, etc. | The Kentucky Geological survey, |
| Date of publication, distribution, etc. | 1922. |
| 300 ## - PHYSICAL DESCRIPTION | |
| Extent | [9], 241 p. |
| Other physical details | illus., fold. maps, tables. |
| Dimensions | 24 cm. |
| 490 0# - SERIES STATEMENT | |
| Series statement | Kentucky. Geological survey, 1920- Series 6. [Geologic reports] |
| Volume/sequential designation | v.8 |
| 504 ## - BIBLIOGRAPHY, ETC. NOTE | |
| Bibliography, etc. note | Bibliography: p. 234-235. |
| 650 #0 - SUBJECT ADDED ENTRY--TOPICAL TERM | |
| Topical term or geographic name entry element | Clay |
| Geographic subdivision | Kentucky |
No items available.